Normal view
MARC view
- WAJEEHA ASLAM
Entry Personal Name
001 - CONTROL NUMBER
- control field: 69379
003 - CONTROL NUMBER IDENTIFIER
- control field: NUST
005 - DATE AND TIME OF LATEST TRANSACTION
- control field: 20210628204225.0
008 - FIXED-LENGTH DATA ELEMENTS
- fixed length control field: 210628|| aca||aabn | a|a d
040 ## - CATALOGING SOURCE
- Original cataloging agency: NUST
- Transcribing agency: NUST
100 ## - HEADING--PERSONAL NAME
- Personal name: WAJEEHA ASLAM
670 ## - SOURCE DATA FOUND
- Source citation: Work cat.: (NUST): WAJEEHA ASLAM, TH-SOF-1586-Organization Detection Using Social Network Analysis, 2018
